000 00657cam a22002414a 4500
001 14282697
005 20170829112612.0
008 060301s2006 nyu 001 0 eng
020 _a006113029X
020 _a9780061130298
040 _cPK-LaUMT
082 0 0 _a610
_222
_bKES-E
100 1 _aKessler, Andy
245 1 4 _aThe end of medicine :
_bhow Silicon Valley (and naked mice) will reboot your doctor /
_cAndy Kessler
260 _aNew York :
_bCollins,
_c2006
300 _axiii, 354 p. ;
_c24 cm.
500 _aIncludes index.
650 0 _aMedicine
650 0 _aTherapeutics
650 1 2 _aMedicine
650 2 2 _aTherapeutics
942 _cBK
999 _c97736
_d97736